000 00797nam a2200229 i 4500
001 17674
003 ES-MaACL
005 20230906151635.0
007 t|
008 010424s1987 sp ||||1| spa d
080 _a930.85(460)
080 _a821.134.2-54"19"
100 1 _aAzaña, Manuel,
_d1880-1940
_924223
245 1 3 _aEl problema español.
_nI
_b: conferencia pronunciada por D. Manuel Azaña Díaz el día 4 de febrero de 1911...
260 _aAlcalá de Henares :
_b[Ayuntamiento de Alcalá de Henares],
_c1987.
300 _a37 p. ;
_c20 cm.
534 _pReprod. facsímil de la ed. de:
_cAlcalá de Henares : Casa del Pueblo, 1911.
651 4 _aEspaña-
_xCivilización.
_98163
852 _aES-MaACL
_j2163-F-3
852 _aES-MaACL
_j2179-F-21
999 _c17674
_d17674